Statistics for Aerobic Respiration

Click here to take the quiz!

General Stats

  • This quiz has been taken 31 times
  • The average score is 3 of 27

Answer Stats

% Correct
Start withGlucose
100%
and occurs in thecytoplasm.
23%
andPyruvateis generated.
19%
This reaction isGlycolysis
15%
enters theKrebs Cycle.
15%
to reduceNAD
15%
2ATPgoes in
12%
Acetyl Co-enzyme Ajoins with
8%
and formsCitrate.
8%
TheLink Reaction
8%
Above loses2ATP and 2H
4%
Pyruvate loses2H
4%
TheAcetyl Coenzyme A
4%
to formAcetyl Co-enzyme A
4%
Pyruvate joins withCo-enzyme A
4%
which regeneratesCo-enzyme A
4%
and is alsodecarboxylated.
4%
Above isdecarboxylatedtwice.
4%
Oxaloacetate,
4%
4carbon acid
0%
ATP
0%
then occurs in theMitochondrial matrix
0%
Ultimately regeneratingOxaloacetate.
0%
and alsoreduced FAD.
0%
andReduced NADis generated
0%
generates morereduced NAD
0%
Triose diphosphateis generated.
0%

Score Distribution

Percentile by Number Answered

Percent of People with Each Score

Your Score History

You have not taken this quiz